| 000 | 00612nam a2200217Ia 4500 | ||
|---|---|---|---|
| 005 | 20241129110954.0 | ||
| 008 | 241129s9999||||xx |||||||||||||| ||und|| | ||
| 020 | _a978-1-4985-7175-3 | ||
| 037 | _aTB | ||
| 040 |
_aCRL _beng _cCRL |
||
| 041 |
_aeng _2eng |
||
| 084 |
_aV49G:19 Q9 _qCRL |
||
| 100 | _aJain B. M. Au. | ||
| 245 | 0 |
_aSouth Asia conundrum: the great power gambit _cJain B. M. Au. |
|
| 260 |
_aLanham, Maryland _bLanham Lexington Books _c2019 |
||
| 300 | _axv,157p. | ||
| 365 |
_aUKP _b60 |
||
| 650 | _a South Asian History | ||
| 942 |
_cTB _hV49G:19 Q9 |
||
| 999 |
_c1228346 _d1228346 |
||